[Event "FRA-ch U18/20 Girls"]
[Site "Agen"]
[Date "2023.04.26"]
[Round "5"]
[White "Guitouni, Soha"]
[Black "Destic, Elena"]
[Result "0-1"]
[WhiteElo "1774"]
[BlackElo "1831"]
[PlyCount "66"]
[EventDate "2023.04.23"]
[EventType "swiss"]
[EventRounds "9"]
[EventCountry "FRA"]
[SourceTitle "CBM 214 Extra"]
[Source "ChessBase"]
[SourceDate "2023.07.31"]
[SourceVersion "1"]
[SourceVersionDate "2023.07.31"]
[SourceQuality "1"]

1. e4 c6 2. d4 d5 3. Nd2 dxe4 4. Nxe4 Nf6 5. Nxf6+ exf6 6. c3 Bd6 7. Bd3 0-0 8. Qc2 Re8+ 9. Ne2 h5 10. Be3 Nd7 11. 0-0-0 Nf8 12. Ng3 Be6 13. Kb1 Qa5 14. a3 Rac8 15. Ne4 Be7 16. c4 b5 17. c5 Red8 18. Be2 Qc7 19. Bxh5 a5 20. Nd2 Qd7 21. Bf3 Rb8 22. Bf4 Rb7 23. Nb3 Bxb3 24. Qxb3 Qf5+ 25. Ka1 Qxf4 26. Bxc6 a4 27. Qb4 Rbb8 28. Rhe1 Ne6 29. Re4 Qc7 30. Bxb5 Bxc5 31. Qxa4 Qb7 32. dxc5 Rxd1+ 33. Qxd1 Qxe4 0-1

[Event "FRA-ch U18/20 Girls"]
[Site "Agen"]
[Date "2023.04.25"]
[Round "4"]
[White "Guitouni, Soha"]
[Black "Bacconnais, Anthea"]
[Result "1-0"]
[WhiteElo "1774"]
[BlackElo "1459"]
[PlyCount "65"]
[EventDate "2023.04.23"]
[EventType "swiss"]
[EventRounds "9"]
[EventCountry "FRA"]
[SourceTitle "CBM 214 Extra"]
[Source "ChessBase"]
[SourceDate "2023.07.31"]
[SourceVersion "1"]
[SourceVersionDate "2023.07.31"]
[SourceQuality "1"]

1. e4 c5 2. Nf3 d6 3. Bb5+ Nd7 4. c3 Ngf6 5. Qe2 a6 6. Ba4 b5 7. Bc2 Bb7 8. 0-0 g6 9. d4 cxd4 10. cxd4 Bg7 11. Re1 0-0 12. e5 dxe5 13. dxe5 Nd5 14. e6 N7f6 15. exf7+ Rxf7 16. Ng5 Qd6 17. Nxf7 Kxf7 18. Bb3 Re8 19. Nc3 e6 20. Ne4 Qc6 21. Ng5+ Kg8 22. Nf3 Kh8 23. Bd2 Nh5 24. Ne5 Qc7 25. Rac1 Qe7 26. Qg4 Bxe5 27. Rxe5 Qf6 28. Bxd5 Bxd5 29. Bc3 Rc8 30. Re3 Rxc3 31. bxc3 Nf4 32. g3 h5 33. Qxf4 1-0

[Event "FRA-ch U18"]
[Site "Agen"]
[Date "2021.10.26"]
[Round "4"]
[White "Tomasi, Elise"]
[Black "Guitouni, Soha"]
[Result "1-0"]
[WhiteElo "2046"]
[BlackElo "1788"]
[PlyCount "59"]
[EventDate "2021.10.22"]
[EventType "swiss"]
[EventRounds "9"]
[EventCountry "FRA"]
[SourceTitle "EXT 2023"]
[Source "ChessBase"]
[SourceDate "2022.10.05"]
[SourceVersion "1"]
[SourceVersionDate "2022.10.05"]
[SourceQuality "1"]

1. d4 d5 2. Nf3 Nf6 3. g3 Bf5 4. Bg2 e6 5. 0-0 h6 6. c4 c6 7. Nc3 Nbd7 8. Qb3 Qb6 9. c5 Qxb3 10. axb3 a6 11. b4 0-0-0 12. h3 g5 13. h4 g4 14. Nd2 Ne8 15. e4 dxe4 16. Nc4 Nc7 17. Bxe4 Nf6 18. Bxf5 exf5 19. Nb6+ Kb8 20. Bf4 Nh5 21. Bxc7+ Kxc7 22. d5 cxd5 23. Ncxd5+ Kc6 24. Rfd1 Ng7 25. Nc4 Rxd5 26. Na5+ Kb5 27. Rxd5 Ne6 28. c6+ Kxb4 29. cxb7 Bg7 30. Rc1 1-0

[Event "FRA-ch U18"]
[Site "Agen"]
[Date "2021.10.25"]
[Round "3"]
[White "Diez, Ambre"]
[Black "Guitouni, Soha"]
[Result "1-0"]
[WhiteElo "1862"]
[BlackElo "1788"]
[PlyCount "73"]
[EventDate "2021.10.22"]
[EventType "swiss"]
[EventRounds "9"]
[EventCountry "FRA"]
[SourceTitle "EXT 2023"]
[Source "ChessBase"]
[SourceDate "2022.10.05"]
[SourceVersion "1"]
[SourceVersionDate "2022.10.05"]
[SourceQuality "1"]

1. Nf3 d5 2. g3 g6 3. Bg2 Bg7 4. d3 e5 5. Nbd2 Ne7 6. e4 c6 7. 0-0 0-0 8. c3 a5 9. b4 h6 10. Bb2 f5 11. Re1 Qc7 12. a3 Be6 13. Nb3 axb4 14. axb4 Nd7 15. Nbd2 Nb6 16. Qc2 Rfd8 17. Nh4 Kh7 18. Bh3 dxe4 19. dxe4 Rxa1 20. Rxa1 Qd7 21. Nb3 Bxb3 22. Qxb3 Rf8 23. Rd1 Qc7 24. exf5 gxf5 25. c4 f4 26. Qc2+ Kh8 27. Qe4 fxg3 28. fxg3 Na4 29. Ba1 Rd8 30. Rf1 Qb6+ 31. Kh1 Qxb4 32. Bxe5 Qc5 33. Bxg7+ Kxg7 34. Qf3 Qg5 35. Qf7+ Kh8 36. Bg2 Nc5 37. Qxe7 1-0

[Event "FRA-ch U18/14 Online"]
[Site "Europe Echecs INT"]
[Date "2020.07.11"]
[Round "8"]
[White "Guitouni, Soha"]
[Black "Delin, Valere"]
[Result "0-1"]
[WhiteElo "1780"]
[BlackElo "2043"]
[PlyCount "120"]
[EventDate "2020.07.11"]
[EventType "swiss (blitz)"]
[EventRounds "9"]
[EventCountry "FRA"]
[SourceTitle "EXT 2021"]
[Source "ChessBase"]
[SourceDate "2020.10.23"]
[SourceVersion "1"]
[SourceVersionDate "2020.10.23"]
[SourceQuality "1"]

1. e4 c5 2. Nf3 d6 3. Bb5+ Nd7 4. 0-0 a6 5. Bxd7+ Bxd7 6. c3 c4 7. Re1 g6 8. d4 cxd3 9. Qxd3 Bg7 10. Bf4 Nf6 11. Nbd2 0-0 12. Rad1 Qb6 13. Nc4 Qb5 14. Nd4 Qh5 15. Bg3 b5 16. Nb6 Rab8 17. Nxd7 Nxd7 18. Nf3 b4 19. cxb4 Rxb4 20. b3 Nc5 21. Qd5 Rxe4 22. Qxh5 gxh5 23. Rxe4 Nxe4 24. Re1 Nxg3 25. hxg3 Bf6 26. Nd2 Rc8 27. Ne4 Kg7 28. Nxf6 Kxf6 29. Re4 Rc5 30. Ra4 a5 31. Kf1 Ke5 32. Ke2 d5 33. Ke3 e6 34. Kd3 f5 35. Ke3 Kf6 36. Kd2 e5 37. Kd3 Rb5 38. Rh4 Kg6 39. Ra4 h6 40. Ke3 e4 41. f3 Kg5 42. Ke2 h4 43. gxh4+ Kxh4 44. Kf2 h5 45. fxe4 fxe4 46. Rd4 Kg4 47. Ra4 Kf4 48. Rd4 Rc5 49. Ra4 h4 50. Ke2 Kg3 51. b4 axb4 52. Rxb4 Kxg2 53. Rb2 h3 54. Ke3+ Kg3 55. Kd4 Ra5 56. a4 h2 57. Rb3+ Kf4 58. Rb1 Rxa4+ 59. Kxd5 e3 60. Rh1 Kg3 0-1

[Event "FRA-ch U16 Girls"]
[Site "Hyeres"]
[Date "2019.04.15"]
[Round "2"]
[White "Moracchini, Margaux"]
[Black "Guitouni, Soha"]
[Result "0-1"]
[WhiteElo "1891"]
[BlackElo "1575"]
[PlyCount "132"]
[EventDate "2019.04.14"]
[EventType "swiss"]
[EventRounds "9"]
[EventCountry "FRA"]
[SourceTitle "CBM 190 Extra"]
[Source "ChessBase"]
[SourceDate "2019.07.15"]
[SourceVersion "1"]
[SourceVersionDate "2019.07.15"]
[SourceQuality "1"]

1. e4 c6 2. d4 d5 3. Nd2 dxe4 4. Nxe4 Bf5 5. Ng3 Bg6 6. Nf3 Nd7 7. h4 h6 8. h5 Bh7 9. Bd3 Bxd3 10. Qxd3 e6 11. Bf4 Ngf6 12. 0-0-0 Be7 13. Kb1 0-0 14. Ne2 c5 15. Ne5 cxd4 16. Nxd7 Qxd7 17. Nxd4 Nd5 18. Nf3 Qa4 19. Bd2 Bf6 20. c3 Rfd8 21. Qc2 Qc4 22. Rhe1 Rac8 23. Re4 Qc5 24. Be3 Nxe3 25. Rxd8+ Rxd8 26. Rxe3 Qxh5 27. Qe4 Qb5 28. Nd4 Bxd4 29. cxd4 Qf1+ 30. Re1 Qxf2 31. Rd1 Qf5 32. Qxf5 exf5 33. Kc2 Kf8 34. Kd3 Ke7 35. Rf1 g6 36. b3 h5 37. Rf2 Kd6 38. Re2 Rh8 39. Kc4 h4 40. Re3 g5 41. Re5 g4 42. Rxf5 h3 43. gxh3 gxh3 44. Rf6+ Ke7 45. Rf1 h2 46. Rh1 Kd6 47. a4 f5 48. Kd3 Kd5 49. Ke3 Rh4 50. b4 f4+ 51. Kf3 Kxd4 52. Kg2 Kc4 53. Rc1+ Kxb4 54. Kh1 b6 55. Ra1 Rh3 56. a5 bxa5 57. Rb1+ Rb3 58. Rf1 f3 59. Kxh2 a4 60. Kg3 a3 61. Rf2 Rc3 62. Rf1 a2 63. Re1 Kb3 64. Rf1 Kb2 65. Rf2+ Rc2 66. Rxf3 a1Q 0-1